Missing Word: #1 Hits of 1990 Quiz Stats

 Plays Quiz Updated Sep 10, 2012

Support Sporcle.
Go Orange.
Score 0/18 Timer 03:00
2 Plays Today
#1 Hit Song Missing Word % Correct
Opposites _____Attract
89.5%
How Am I Supposed to _____ Without YouLive
89.1%
Blaze of _____Glory
83.6%
It Must Have Been _____Love
83.4%
Nothing _____ 2 UCompares
75.1%
_____ VelvetBlack
72.8%
I'm Your _____ TonightBaby
62.7%
Love Takes _____Time
54.5%
_____ OnHold
47.8%
#1 Hit Song Missing Word % Correct
(Can't Live Without Your) Love and _____Affection
35%
If _____ Came TrueWishes
32.8%
_____ of LoveVision
26.1%
Black _____Cat
23.6%
I Don't Have the _____Heart
22.6%
She Ain't _____ ItWorth
19.7%
Love Will _____ You BackLead
17.8%
_____ to YouClose
15.4%
_____ I Love You (The Postman Song)Because
12.3%

Today's Daily Dose

Missing Word
'80s Musicals

Word Ladder
Hereditary

Get the Picture
Food Names

From the Vault

Complete the 'A'-Word Movies (2010s)

by beforever

Movies 4m
It's the "A" word, not just a word. Key difference there.
Remove Ads.
Support Sporcle.
Get the best of Sporcle when you Go Orange. This ad-free experience offers more features, more stats, and more fun while also helping to support Sporcle. Thank you for becoming a member.

Show Comments

Extras

Top Quizzes Today


Score Distribution

Your Account Isn't Verified!

In order to create a playlist on Sporcle, you need to verify the email address you used during registration. Go to your Sporcle Settings to finish the process.

Report this User

Report this user for behavior that violates our Community Guidelines.

Details: